000 01251cam a2200301 4500
008 000000n2003 000 0 eng u
020 _a0728204134
035 _a(Sirsi) u122500
041 _aeng
050 _a526.90285
_c18
100 _aBowcock, Philip
245 _aAdvanced Excel for surveyors
_h[electronic resource]
260 _aLondon
_bEstates Gazette
_c2003
300 _axii, 115p.
_bill.
_c24cm.
350 _a24
520 _aA companion to the text 'Excel for Surveyors' (see ISBN: 0728203324) this volume is designed to help surveyors use Microsoft Excel to solve some of the more complex problems they may come across. Among the areas explored are how to use Visual Basic and macros to speed up repetitive tasks, and how Excel can be used to assist with portfolio analysis.
650 _aCOMPUTER PROGRAMS
650 _aVISUAL BASIC
650 _aREGRESSION ANALYSIS
650 _aMICROSOFT EXCEL
650 _aPORTFOLIO MANAGEMENT
650 _aLINEAR PROGRAMMING
650 _aDATABASES
690 _aMANAGEMENT-BUSINESS MANAGEMENT-INFORMATION MANAGEMENT
700 _aBayfield, Natalie
856 4 0 _uhttps://www.vlebooks.com/
_zView on VLEbooks. Logins for members only from [email protected]
942 _n0
999 _c102871
_d102871